| 000 | 01036cam a2200289 a 4500 | ||
|---|---|---|---|
| 001 | 15231153 | ||
| 005 | 20161207112206.0 | ||
| 008 | 080324s2008 flua b 001 0 eng | ||
| 010 | _a 2008013710 | ||
| 020 | _a9781420048056 (alk. paper) | ||
| 035 | _a(OCoLC)ocn214286037 | ||
| 035 | _a(OCoLC)214286037 | ||
| 040 |
_aDLC _cDLC _dBAKER _dC#P _dYDXCP _dBWX _dCDX _dDLC |
||
| 050 | 0 | 0 |
_aQC176.8.N35 _bI685 2008 |
| 082 | 0 | 0 |
_a620.5 _222 _bHOR |
| 100 | 1 |
_aHornyak, Gabor L. _q(Gabor Louis) _95553 |
|
| 245 | 0 | 0 |
_aIntroduction to nanoscience / _cGabor L. Hornyak ... [et al.]. |
| 260 |
_aBoca Raton : _bCRC Press, _cc2008. |
||
| 300 |
_axxxiv, 813 p. : _bill. (chiefly col.) ; _c27 cm. |
||
| 504 | _aIncludes bibliographical references and index. | ||
| 650 | 0 |
_aNanostructures. _95554 |
|
| 650 | 0 |
_aNanostructured materials. _95556 |
|
| 650 | 0 |
_aNanotechnology. _95557 |
|
| 650 | 0 |
_95555 _aNanoscience |
|
| 942 |
_2ddc _cBB |
||
| 999 |
_c11675 _d11675 |
||